000 00838nam a22003015a 4500
001 15880607
003 OSt
005 20140310182744.0
008 090825s2009 mau 000 0 eng
010 _a 2009935605
020 _a9780538746229
020 _a9789814314466
040 _aDLC
_cDLC
050 _aQA 76.9.M65
_b.R338 2011
100 1 _aReynolds, George W.
245 1 0 _aEthics in information technology /
_cGeorge W. Reynolds.
250 _a3rd Ed.
260 _aBoston, MA :
_bCourse Technology, Cengage Learning,
_c2011.
263 _a0910
300 _a404 p. :
_c26 cm.
521 _aMA
650 _aInformation technology
_vMoral and ethical aspects.
906 _a0
_bibc
_corignew
_d2
_eepcn
_f20
_gy-gencatlg
942 _2lcc
_cBK
_kFOR
999 _c15626
_d15626